European Darts Trophy Winners - Statistics

General Stats
  • This quiz has been taken 5 times
  • The average score is 6 of 8
Answer Stats
Year Country Winner % Correct
2018 Netherlands Michael van Gerwen
100%
2017 Netherlands Michael van Gerwen
100%
2016 Netherlands Michael van Gerwen
100%
2015 England Michael Smith
60%
2014 England Michael Smith
60%
2025 England Nathan Aspinall
60%
2026 Netherlands Wessel Nijman
60%
2013 England Wes Newton
20%
No matching quizzes found
Score Distribution
Percent of People with Each Score
Percentile by Number Answered
Your Score History
You have not taken this quiz